| 000 | 00662nam a2200157Ia 4500 | ||
|---|---|---|---|
| 008 | 090124s9999 xx 000 0 und d | ||
| 082 |
_b24193 _a3034 |
||
| 245 | _a सावरकरांचे साहित्य चिंतन (साहित्य समीक्षा) | ||
| 250 | _a1 | ||
| 260 | _c1984 | ||
| 300 | _a140 | ||
| 630 | _a सावरकरांचे साहित्य चिंतन (साहित्य समीक्षा) | ||
| 700 | _aगावडे प्र. ल. | ||
| 730 | _a सावरकरांचे साहित्य चिंतन (साहित्य समीक्षा) | ||
| 942 | _cBOOK | ||
| 999 |
_c137764 _d137764 |
||